000 01065cam a22003014a 4500
999 _c8959
_d8959
001 8959
003 BD-JhCC
005 20180306102333.0
008 100323s2010 bg 001 0 eng d
020 _a9789842000805
035 _a(BD-JhCC)8959
040 _aDKAGE
_cDKAGE
_dDLC
041 _aeng
050 4 _aDS393.8
_b.A83 2010
082 0 4 _a954.92
_222
_bASA 2010
100 0 _aAsafuddowlah,
_d1936-
245 1 0 _aOf pains and panics /
_cAsafuddowlah.
260 _aDhaka :
_bAdorn Publication,
_c2010.
300 _a606 p. ;
_c24 cm.
500 _aIncludes indexes.
505 0 _apt. 1. Timeless timepieces : articles on religion, philosophy & lives -- pt. 2. Peaks and valleys : articles on music, art & society -- pt. 3. The home stretch : articles on national issues -- pt. 4. Tossed by gales : articles on international issues.
650 0 _aCommunity development
_zBangladesh.
650 0 _aWorld politics.
651 0 _aBangladesh
_xCivilization.
651 0 _aBangladesh
_xPolitics and government.
942 _2ddc
_cBK